000660362 001__ 660362 000660362 005__ 20210512095137.0 000660362 0247_ $$2HSB$$aalexandria6355 000660362 0247_ $$2ISSN$$a0959-6526 000660362 0247_ $$2ISSN$$a1879-1786 000660362 0247_ $$2SCOPUS$$aSCOPUS:2-s2.0-84988908410 000660362 0247_ $$2WOS$$aWOS:000381545200054 000660362 0247_ $$2doi$$a10.1016/j.jclepro.2016.05.107 000660362 037__ $$aRWTH-CONV-208847 000660362 041__ $$aEnglish 000660362 1001_ $$0P:(DE-82)IDM00225$$aWalther, Grit$$b0 000660362 245__ $$aOptimal design of supply chains for second generation biofuels incorporating European biofuel regulations$$honline, print 000660362 260__ $$aAmsterdam [u.a.]$$bElsevier Science$$c2016 000660362 3367_ $$00$$2EndNote$$aJournal Article 000660362 3367_ $$0PUB:(DE-HGF)16$$2PUB:(DE-HGF)$$aJournal Article$$bjournal$$mjournal 000660362 3367_ $$2BibTeX$$aARTICLE 000660362 3367_ $$2DRIVER$$aarticle 000660362 3367_ $$2DataCite$$aOutput Types/Journal article 000660362 3367_ $$2ORCID$$aJOURNAL_ARTICLE 000660362 591__ $$aCanada 000660362 591__ $$aGermany 000660362 7001_ $$0P:(DE-82)183952$$aHombach, Laura Elisabeth$$b1 000660362 7001_ $$aCambero, Claudia$$b2 000660362 7001_ $$aSowlati, Taraneh$$b3$$eCorresponding author 000660362 773__ $$0PERI:(DE-600)2029338-0$$a10.1016/j.jclepro.2016.05.107$$p565-575$$tJournal of Cleaner Production$$v133$$x0959-6526 000660362 909CO $$ooai:publications.rwth-aachen.de:660362$$pVDB 000660362 9141_ $$y2016 000660362 9151_ $$0StatID:(DE-HGF)0031$$2StatID$$aPeer reviewed article$$a10.1016/j.jclepro.2016.05.107$$x0 000660362 9201_ $$0I:(DE-82)813510_20140620$$k813510$$lLehrstuhl für Operations Management$$x0 000660362 961__ $$c2016-07-01$$x2016-07-01$$z2016-07-12 000660362 970__ $$aalexandria6355 000660362 980__ $$aI:(DE-82)813510_20140620 000660362 980__ $$aIMPORT 000660362 980__ $$aUNRESTRICTED 000660362 980__ $$aVDB 000660362 980__ $$ajournal